| 000 | 00701nam a22002657a 4500 | ||
|---|---|---|---|
| 003 | UA-OsUOA | ||
| 001 | 31048 | ||
| 007 | ta | ||
| 008 | 20041125b un ||||| |||| 00| 0 ukr d | ||
| 100 | _aФрэнкин Роберт | ||
| 090 |
_a159.947 _bФ93 |
||
| 942 | _cBK | ||
| 040 |
_aUA-OsUOA _brus _cUA-OsUOA _dUA-OsUOA |
||
| 245 | _aМотивация поведения: биологические, когнитивные и социальные аспекты. | ||
| 300 | _a651 с. | ||
| 955 | _a0 | ||
| 041 | _arus | ||
| 080 | _a159.947 | ||
| 020 | _a5-94723-052-6 | ||
| 260 |
_aСпб _bПитер _c2003 |
||
| 044 | _aRU | ||
| 250 | _n5-е изд. | ||
| 650 | 7 | _2UDC | |
| 999 |
_c317469 _d317469 |
||